000 00239nam a2200097Ia 4500
008 230508s2007 xx 000 0 und d
041 _aeng
100 _aIRODOY I E
245 _aPROBLEM IN GENERAL PHYSICS
260 _bC B S PUB.
_c2007
_g2000
999 _c728766
_d728766